Physical principles and applications of junction transistors (Record no. 2182)

MARC details
000 -LEADER
fixed length control field 00587nam a2200193Ia 4500
003 - CONTROL NUMBER IDENTIFIER
control field IN-BaIIA
008 - FIXED-LENGTH DATA ELEMENTS--GENERAL INFORMATION
fixed length control field 211028s9999 xx 000 0 eng d
040 ## - CATALOGING SOURCE
Transcribing agency IIA Library
080 ## - UNIVERSAL DECIMAL CLASSIFICATION NUMBER
Universal Decimal Classification number 621.382.3
Item number SIM
100 ## - MAIN ENTRY--PERSONAL NAME
Personal name Simpson, J. H.
9 (RLIN) 3961
245 #0 - TITLE STATEMENT
Title Physical principles and applications of junction transistors
Statement of responsibility, etc. J. H. Simpson
260 ## - PUBLICATION, DISTRIBUTION, ETC.
Place of publication, distribution, etc. Oxford
Name of publisher, distributor, etc. The Clarendon Press
Date of publication, distribution, etc. 1962
300 ## - PHYSICAL DESCRIPTION
Extent xiv, 519p.
490 ## - SERIES STATEMENT
Series statement Monographs on the physics and chemistry of materials
650 ## - SUBJECT ADDED ENTRY--TOPICAL TERM
Topical term or geographic name entry element Junction transistors
9 (RLIN) 3962
650 ## - SUBJECT ADDED ENTRY--TOPICAL TERM
Topical term or geographic name entry element NASA Thesaurus
650 ## - SUBJECT ADDED ENTRY--TOPICAL TERM
Topical term or geographic name entry element Thyristors
9 (RLIN) 3963
942 ## - ADDED ENTRY ELEMENTS (KOHA)
Koha item type Books
Holdings
Withdrawn status Lost status Damaged status Not for loan Home library Current library Shelving location Date acquired Total Checkouts Full call number Barcode Date last seen Price effective from Koha item type
        IIA Library-Bangalore IIA Library-Bangalore General Stacks     621.382.3/ SIM 2448 05/11/2021   Books

Powered by Koha